000 00302nam a22001337a 4500
008 171024b xxu||||| |||| 00| 0 eng d
020 _a0393953939
041 _aeng
080 _a311
100 _a55
101 _aSTA
245 _aBASIC STATISTICS WITH APPLICATIONS
_cMANSFIELD,E
942 _2udc
_cBK
999 _c35660
_d35660